Hábitos de estudio y rendimiento en EGB y BUP. Un estudio comparativo /

Bibliographic Details
Main Author: Núñez Vega, Claudio
Other Authors: Sánchez Huete, Juan Carlos
Format: Libro
Language:English

MARC

LEADER 00000cam a2200000 a 4500
001 040215
003 UAHC_CL
005 20170803124430.0
008 060714b xx j 000 1 eng
040 |a UAHC_CL  |c UAHC_CL  |d UAHC_CL 
100 1 |a Núñez Vega, Claudio 
245 1 0 |a Hábitos de estudio y rendimiento en EGB y BUP. Un estudio comparativo /  |c Claudio Núñez, Juan Carlos Sánchez. 
500 |a Revista Complutense de Educación. --Vol. 2, Nº1 (1991) pp. 43-66 
700 1 |a Sánchez Huete, Juan Carlos 
900 |a REV. COMPLUT. EDUC.-01/91 
942 |c BK 
999 |c 40215  |d 40215